| 000 | 01966nam a2200433 i 4500 | ||
|---|---|---|---|
| 999 |
_c1676 _d1676 |
||
| 001 | 017734167 | ||
| 003 | Uk | ||
| 005 | 20230118140456.0 | ||
| 008 | 150123s2015 enk j 000 1 eng d | ||
| 015 |
_aGBB7J3531 _2bnb |
||
| 016 | 7 |
_a017734167 _2Uk |
|
| 020 |
_qThe switch _qpaperback _a9781406364767 |
||
| 040 |
_aUK-WkNB _beng _cUK-WkNB _dUk _dKH8 _erda |
||
| 042 | _aukblsr | ||
| 082 | 0 | 4 |
_a823.92 HOR _223 |
| 100 | 1 |
_aHorowitz, Anthony, _d1955- _eauthor. |
|
| 245 | 1 | 4 |
_aThe Switch _cAnthony Horowitz. |
| 264 | 1 |
_aLondon : _bWalker Books, _c2015. |
|
| 300 |
_a10 volumes ; _cslipcase (21 x 14 x 14) |
||
| 336 |
_atext _2rdacontent |
||
| 337 |
_aunmediated _2rdamedia |
||
| 338 |
_avolume _2rdacarrier |
||
| 500 | _aIn slipcase. | ||
| 505 | 0 | _aGranny -- Groosham Grange -- The switch -- Return to Groosham Grange -- The devil and his boy -- The Diamond Brothers in the falcon's malteser -- The Diamond Brothers in Public Enemy Number Two -- The Diamond Brothers in South by south east -- The Diamond Brothers in the blurred man, and, I know what you did last Wednesday--The Diamond Brothers in the French confection, and, The Greek who stole Christmas. | |
| 655 | 0 | _aChildren's stories. | |
| 700 | 1 | 2 |
_aHorowitz, Anthony, _d1955- _tGranny. |
| 700 | 1 | 2 |
_aHorowitz, Anthony, _d1955- _tGroosham Grange. |
| 700 | 1 | 2 |
_aHorowitz, Anthony, _d1955- _tSwitch. |
| 700 | 1 | 2 |
_aHorowitz, Anthony, _d1955- _tReturn to Groosham Grange. |
| 700 | 1 | 2 |
_aHorowitz, Anthony, _d1955- _tDevil and his boy. |
| 700 | 1 | 2 |
_aHorowitz, Anthony, _d1955- _tFalcon's malteser. |
| 700 | 1 | 2 |
_aHorowitz, Anthony, _d1955- _tPublic Enemy Number Two. |
| 700 | 1 | 2 |
_aHorowitz, Anthony, _d1955- _tSouth by South East. |
| 700 | 1 | 2 |
_aHorowitz, Anthony, _d1955- _tBlurred man. |
| 700 | 1 | 2 |
_aHorowitz, Anthony, _d1955- _tI know what you did last Wednesday. |
| 700 | 1 | 2 |
_aHorowitz, Anthony, _d1955- _tFrench confection. |
| 700 | 1 | 2 |
_aHorowitz, Anthony, _d1955- _tGreek who stole Christmas. |
| 942 |
_2ddc _cNFIC |
||